Statistics for World of Warcraft Dungeons and Raids

Click here to take the quiz!

General Stats

  • This quiz has been taken 29 times
  • The average score is 94 of 164

Answer Stats

HintAnswer% Correct
Gnomeregan
89%
The Deadmines
89%
The Eye
89%
Zul'Farrak
89%
Blackfathom Deeps
78%
Blackrock Spire
78%
Blackwing Lair
78%
Halls of Lightning
78%
Halls of Stone
78%
Hellfire Citadel
78%
The Burning CrusadeHellfire Ramparts
78%
Icecrown Citadel
78%
Karazhan
78%
Molten Core
78%
Onyxia's Lair
78%
ClassicRagefire Chasm
78%
Razorfen Downs
78%
Scarlet Monastery
78%
Sethekk Halls
78%
Shadowfang Keep
78%
The Botanica
78%
The Culling of Stratholme
78%
The Eye of Eternity
78%
The Obsidian Sanctum
78%
The Oculus
78%
The Ruby Sanctum
78%
The Stockades
78%
The Underrot
78%
Trial of the Crusader
78%
Ulduar
78%
Wrath of the Lich KingUtgarde Keep
78%
Utgarde Pinnacle
78%
Wailing Caverns
78%
Zul'Aman
78%
Auchindoun
67%
Blackrock Depths
67%
Dire Maul
67%
Drak'tharon Keep
67%
End Time
67%
Firelands
67%
Battle for AzerothFreehold
67%
Gruul's Lair
67%
Gundrak
67%
Halls of Reflection
67%
Mana Tombs
67%
Maraudon
67%
Naxxramas
67%
Pit of Saron
67%
Razorfen Kraul
67%
Scholomance
67%
Serpentshrine Cavern
67%
Shado-Pan Monastery
67%
Siege of Orgrimmar
67%
Slave Pens
67%
Stormstout Brewery
67%
Stratholme
67%
Sunwell Plateau
67%
Temple of Ahn'Qiraj
67%
The Forge of Souls
67%
The Mechanar
67%
The Nexus
67%
The Violet Hold
67%
Throne of Thunder
67%
Uldaman
67%
Vault of Archavon
67%
Zul'Gurub
67%
Ahn'kahet
56%
Atal'Dazar
56%
Auchenai Crypts
56%
Battle for Mount Hyjal
56%
Blackrock Foundry
56%
Black Temple
56%
Blackwing Descent
56%
Blood Furnace
56%
Court of Stars
56%
De Other Side
56%
Dragon Soul
56%
Grimrail Depot
56%
Halls of Valor
56%
Heart of Fear
56%
Kings' Rest
56%
Lost City of the Tol'vir
56%
Magisters' Terrace
56%
Magtheridon's Lair
56%
Mogu'shan Vaults
56%
Ruins of Ahn'Qiraj
56%
Sanguine Depths
56%
Shadowmoon Burial Grounds
56%
Shrine of the Storm
56%
Siege of Boralus
56%
Spires of Ascension
56%
Temple of Atal'Hakkar
56%
Temple of Sethraliss
56%
Mists of PandariaTemple of the Jade Serpent
56%
The Arcatraz
56%
The Black Morass
56%
The Emerald Nightmare
56%
The Necrotic Wake
56%
Throne of the Four Winds
56%
Trial of the Champion
56%
Trial of Valor
56%
Uldir
56%
Violet Hold
56%
Azjol-Nerub
44%
Baradin Hold
44%
Bastion of Twilight
44%
Battle of Dazar'alor
44%
Black Rook Hold
44%
Bloodmaul Slag Mines
44%
Castle Nathria
44%
Escape from Durnholde
44%
Eye of Azshara
44%
Grim Batol
44%
Halls of Atonement
44%
Halls of Origination
44%
Warlords of DraenorIron Docks
44%
Neltharion's Lair
44%
Operation: Mechagon
44%
Plaguefall
44%
Sanctum of Domination
44%
Shattered Halls
44%
Theater of Pain
44%
The MOTHERLODE!!
44%
The Nighthold
44%
The Underbog
44%
Tol Dagor
44%
Tomb of Sargeras
44%
Waycrest Manor
44%
Antorus, The Burning Throne
33%
Cathedral of Eternal Night
33%
Crucible of Storms
33%
LegionDarkheart Thicket
33%
Gate of the Setting Sun
33%
Highmaul
33%
Hour of Twilight
33%
Maw of Souls
33%
ShadowlandsMists of Tirna Scithe
33%
Mogu'shan Palace
33%
Ny'alotha, The Waking City
33%
Scarlet Halls
33%
Shadow Labyrinth
33%
Siege of Niuzao Temple
33%
Skyreach
33%
Tazavesh, the Veiled Market
33%
Terrace of Endless Spring
33%
The Eternal Palace
33%
The Everbloom
33%
The Seat of the Triumvirate
33%
The Steamvault
33%
The Stonecore
33%
CataclysmThrone of the Tides
33%
Well of Eternity
33%
Blackrock Caverns
22%
Return to Karazhan
22%
The Arcway
22%
The Vortex Pinnacle
22%
Vault of the Wardens
22%

Score Distribution

Percentile by Number Answered

Percent of People with Each Score

Your Score History

You have not taken this quiz